000 00724nam a22002417a 4500
005 20170124105938.0
010 _a527409
020 _c00.00
035 _a527409
037 _bCen Lib/Ret
040 _aDPL
_bEN
082 _a320.954
_2GUP
100 _aGupta, R.C.
_91257
245 _aWho rules a country :
_cby R.C GUpta [and] K.L. Joshi
_bthe challenge of democracy in India /
260 _aNew Delhi
_bAssociated publishing house
_c1969
270 _bNew Delhi
_a7717, New market
300 _a204p.
_c22cm(Hb)
500 _aIncludes index
650 _aPolitical science
_910564
650 _aDemocracy
_zIndia
_910565
700 _aJoshi, K.L.
_910566
942 _2ddc
_cEN
_h320.954
_mGUP
999 _c124380
_d124380